| 000 | 00672nam a2200181Ia 4500 | ||
|---|---|---|---|
| 008 | 100920s9999 xx 000 0 und d | ||
| 082 |
_b15930 _a51 थ 64 |
||
| 100 | _aचेंदवणकर सदानंद. | ||
| 245 | _aभारतीय शास्त्रज्ञ. | ||
| 260 |
_bसुविचार प्रकाशन मंडळ, नागपूर आणि पुणे. _c1964 |
||
| 300 |
_a80 _bसाधी |
||
| 365 | _b2 | ||
| 520 | _aचरित्र. | ||
| 630 | _aभारतीय शास्त्रज्ञ. | ||
| 650 | _aचरित्र. | ||
| 730 | _aभारतीय शास्त्रज्ञ. | ||
| 942 | _cBOOK | ||
| 999 |
_c679063 _d679060 |
||